000 00431nam a2200181Ia 4500
001 24115
005 20260414151022.0
008 260414t2019||||xx |||||||||||||| ||spa||
041 _aESP
082 _a780.92
_bV47
100 _aVera Béjar, Augusto
_eAUT
245 0 _aMi amor, la música :
_bmemorias
260 _c2019
300 _a240 páginas :
_c23 cm.
650 _aABD
654 _aCAU
942 _cLIB
_dJUS
_fJUS
_2ddc
_n
999 _c24115
_d24115